000
00331nam a22001457a 4500
003
SGT
020
_a
978-93-89802-80-1
082
_a
628.5
_b
KUM
100
_a
KUMAR, ANIL DE
245
_a
ENVIRONMENTAL CHEMISTRY
260
_a
INDIA
_b
NEW AGE PUB.
_c
2024
300
_a
394
650
_a
ENVIRONMENTAL CHEMISTRY
942
_2
ddc
_c
BK
999
_c
32995
_d
32995